000 00769nam a2200229 a 4500
001 000017245
005 20240412074246.0
008 100322s2006 dr r 000 p spa d
020 _a9993422738
040 _aDO-SdBNP
_bspa
_cBNPHU
082 _aRD861.44
_bT266q
100 1 _aTejada Gómez, Manuel,
_d1968-
_937906
245 1 0 _aQuisiera ser poeta /
_cManuel Tejada Gómez ; prólogo Víctor Villegas.
260 _aSanto Domingo :
_b[s.n.],
_c2006.
300 _a61 p. ;
_c21 cm.
500 _aIncluye datos biográficos del autor en la contracubierta
590 _aInventariado, 2018/BT
650 0 _aPoesía dominicana
_966
650 0 _aLiteratura dominicana.
_967
700 1 2 _aVillegas, Víctor,
_epról.
_97744
910 _aValidado. Control de calidad. MFF
999 _c16770
_d16770